01237nam a22002897a 4500003000900000005001700009007000300026008003200029020001900061040002500080082001000105100004000115245011700155260003800272300004200310490003500352504003200387590002900419700003500448830004200483910001400525942001400539952012200553952012700675952012800802999001700930DO-SdBNP20211011114330.0ta210224b 2020 dr ac 00| 0 eng d a 9798578604850 aDO-SdBNPbspacBNPHU 4aBNPHU1 aRamírez, Joaquín Alberto97791310aLenin «voy a pensar inevitablemente en la política» /cJoaquín Alberto Ramírez ; prólogo Luis Simó. aSanto Domingo : b[s. n.],c2020. av, 291 p. : bil., retrs. ; c28 cm. 1 aFortalecimiento institucional  aBibliografía : p. 285-286 aInventariado, 2021 /LP 1 aSimó, Luis, epról.934356 0aFortalecimiento institucional 977914 aLopérez 2ddccLBS1 00102ddc718PDaBNPHUbPDcHDd2021-02-24eDepósito Legal l0oBNPHU PD p2021-0426r2021-02-24w2021-02-24yLFPD 00102ddc728PDaBNPHUbPDcHDd2021-02-24eDepósito Legal l0oBNPHU PDp2021-0427r2021-02-24te. 2w2021-02-24yLFPD 00102ddc758DSaBNPHUbDOcHDd2021-02-24eDepósito Legal l0oBNPHU DS p2021-0428r2021-02-24te. 3w2021-02-24yLFDS c49443d49443